|
|
|
|
| LEADER |
00000nas a2200000 a 4500 |
| 001 |
ssj0001257 |
| 003 |
WaSeSS |
| 005 |
20200512172242.0 |
| 006 |
m d |
| 007 |
cr n |
| 008 |
990919c19909999hiuqr pss o 0 a0eng c |
| 010 |
|
|
|a sn 99004906
|
| 016 |
7 |
|
|a 2007550-9
|2 DE-600
|
| 022 |
|
|
|a 1527-8050
|l 1045-6007
|y 1045-6007
|
| 035 |
|
|
|a (WaSeSS)ssj0001257
|
| 037 |
|
|
|b Project Muse, The Johns Hopkins University Press, 2715 N. Charles Street, Baltimore, Maryland 21211
|
| 040 |
|
|
|a JHE
|b eng
|c JHE
|d NSD
|d OCLCQ
|d F#A
|d MUQ
|d OCLCS
|d EYM
|d DLC
|d OCLCQ
|d OCLCO
|d OCLCQ
|d OCLCF
|d OCLCO
|d VT2
|d OCLCQ
|d DEBBG
|d WT2
|d GILDS
|d OCLCO
|d NTG
|d OCLCQ
|d TOF
|d UUM
|d OCLCQ
|d OCLCO
|d AU@
|d TKN
|d OCLCO
|d OCLCQ
|d OCLCO
|d WaSeSS
|
| 042 |
|
|
|a nsdp
|a pcc
|
| 050 |
1 |
4 |
|a D1
|
| 082 |
1 |
0 |
|a 905
|2 13
|
| 130 |
0 |
|
|a Journal of world history (Online)
|
| 210 |
0 |
|
|a J. world hist.
|b (Online)
|
| 222 |
|
0 |
|a Journal of world history
|b (Online)
|
| 245 |
1 |
0 |
|a Journal of world history
|h [electronic resource] :
|b official journal of the World History Association.
|
| 260 |
|
|
|a Honolulu, HI :
|b University of Hawaii Press,
|c 1990-
|
| 310 |
|
|
|a Quarterly,
|b 2003-
|
| 321 |
|
|
|a Semiannual,
|b 1990-2002
|
| 362 |
0 |
|
|a Vol. 1, no. 1 (spring 1990)-
|
| 500 |
|
|
|a Title from cover (JSTOR, viewed Feb. 24, 2009).
|
| 506 |
|
|
|a License restrictions may limit access.
|
| 538 |
|
|
|a Mode of access: World Wide Web.
|
| 588 |
1 |
|
|a Vol. 16, no. 4 (Dec. 2005) (JSTOR, viewed Feb. 24, 2009).
|
| 650 |
|
0 |
|a World history
|v Periodicals.
|
| 650 |
|
6 |
|a Histoire universelle
|v Périodiques.
|
| 650 |
|
7 |
|a World history.
|2 fast
|0 (OCoLC)fst01181345
|
| 655 |
|
0 |
|a Electronic journals.
|
| 710 |
2 |
|
|a World History Association.
|
| 776 |
0 |
8 |
|i Print version:
|t Journal of world history
|x 1045-6007
|w (DLC) 90640778
|w (OCoLC)20155374
|
| 856 |
4 |
0 |
|z Full text available from Research Library: 04/01/1998 to 1 year ago
|u https://search.proquest.com/publication/3512
|